El Juicio de Amparo/ (Registro nro. 8152)
[ vista simple ]
| 000 -LEADER | |
|---|---|
| fixed length control field | 01398nam a2200205Ia 4500 |
| 005 - FECHA Y HORA DE LA ÚLTIMA TRANSACCIÓN | |
| control field | 20230517143712.0 |
| 008 - FIXED-LENGTH DATA ELEMENTS--GENERAL INFORMATION | |
| fixed length control field | 230508s9999 xx 000 0 und d |
| 020 ## - INTERNATIONAL STANDARD BOOK NUMBER | |
| International Standard Book Number | 9684321031 |
| 040 ## - CATALOGING SOURCE | |
| Original cataloging agency | UPAN |
| Transcribing agency | Biblioteca San Vicente |
| Description conventions | RCAA2 |
| 041 ## - LANGUAGE CODE | |
| Language code of text/sound track or separate title | spa |
| 082 ## - DEWEY DECIMAL CLASSIFICATION NUMBER | |
| Classification number | 340 |
| Item number | B874j |
| 100 ## - MAIN ENTRY--PERSONAL NAME | |
| Personal name | Burgoa Ignacio |
| Relator code | aut. |
| 245 #0 - TITLE STATEMENT | |
| Title | El Juicio de Amparo/ |
| Remainder of title | Ignacio Burgoa |
| 250 ## - EDITION STATEMENT | |
| Edition statement | 31ª ed. |
| 260 ## - PUBLICATION, DISTRIBUTION, ETC. (IMPRINT) | |
| Place of publication, distribution, etc | México: |
| Name of publisher, distributor, etc | Porrúa, |
| Date of publication, distribution, etc | 1994 |
| 300 ## - PHYSICAL DESCRIPTION | |
| Extent | 1092 p.: |
| Dimensions | 24 cm. |
| 505 ## - FORMATTED CONTENTS NOTE | |
| Formatted contents note | Ante cualquiera instituciòn jurìdica se plantea la cuestiòn consistente en determinarsi su existencia y estructuraciòn normativa dependen sòlo de la voluntad del Estado, externada a travès de sus òtganos representativos pertinentes, o si, por el contrario estàn preconizadas por elementos y factores que no deben ser rebasados por la instituciòn puede localizarse. Tal cuestiòn ha sido diversamente resuelta por el pensamiento jurìdico universal, pudiendo afirmarse que las corrientes decisorias de la misma han desembocado, o en un externo positivismo que reputa al Derecho, objetivo o subjetivo, como un mero producto o efecto de la voluntad del Estado, o en una tendencia filosófica que consideran a lo jurídico fincado en la naturaleza de las cosas que no debe ser sino aceptada o reconocida por dicha voluntad a propòsito de la forjaciòn del orden jurídico. |
| 650 ## - SUBJECT ADDED ENTRY--TOPICAL TERM | |
| Source of heading or term | LEMB |
| Topical term or geographic name as entry element | Juicio |
| 942 ## - ADDED ENTRY ELEMENTS (KOHA) | |
| Koha item type | Libros |
| Source of classification or shelving scheme | Dewey Decimal Classification |
| Withdrawn status | Lost status | Source of classification or shelving scheme | Damaged status | Not for loan | Collection code | Home library | Current library | Date acquired | Total Checkouts | Full call number | Barcode | Date last seen | Price effective from | Koha item type |
|---|---|---|---|---|---|---|---|---|---|---|---|---|---|---|
| Dewey Decimal Classification | Colección General | Biblioteca UPAN San Vicente | Biblioteca UPAN San Vicente | 08/05/2023 | 340 B874j | 12000485 | 08/05/2023 | 08/05/2023 | Libros |